<?xml version="1.0" encoding="UTF-8"?>
<record
    xmlns:xsi="http://www.w3.org/2001/XMLSchema-instance"
    xsi:schemaLocation="http://www.loc.gov/MARC21/slim http://www.loc.gov/standards/marcxml/schema/MARC21slim.xsd"
    xmlns="http://www.loc.gov/MARC21/slim">

  <leader>01434nam a22001697a 4500</leader>
  <controlfield tag="008">250620t        ||| |||| |||| 00| 0 spa d</controlfield>
  <datafield tag="020" ind1=" " ind2=" ">
    <subfield code="a">9789587103519</subfield>
  </datafield>
  <datafield tag="040" ind1=" " ind2=" ">
    <subfield code="a">CO-JMCR</subfield>
    <subfield code="b">spa </subfield>
    <subfield code="c">CO-JMCR</subfield>
    <subfield code="d">CO-JMCR</subfield>
    <subfield code="e">rda</subfield>
  </datafield>
  <datafield tag="041" ind1="0" ind2=" ">
    <subfield code="a">spa</subfield>
  </datafield>
  <datafield tag="082" ind1="0" ind2="4">
    <subfield code="a">343.097 </subfield>
    <subfield code="b">L41 </subfield>
    <subfield code="2">21</subfield>
  </datafield>
  <datafield tag="245" ind1="0" ind2="0">
    <subfield code="a">Liber amicorum en homenaje al profesor Ernesto V&#xE1;squez Rocha.</subfield>
  </datafield>
  <datafield tag="260" ind1=" " ind2=" ">
    <subfield code="a">Bogot&#xE1; : </subfield>
    <subfield code="b">Universidad Externado de Colombia : </subfield>
    <subfield code="b">Asociaciaci&#xF3;n Latinoamericana de Transporte A&#xE9;reo-Alta, </subfield>
    <subfield code="c">2008.</subfield>
  </datafield>
  <datafield tag="300" ind1=" " ind2=" ">
    <subfield code="a">426 p&#xE1;ginas ; </subfield>
    <subfield code="c">24 cm.</subfield>
  </datafield>
  <datafield tag="504" ind1=" " ind2=" ">
    <subfield code="a">Incluye bibliograf&#xED;as.</subfield>
  </datafield>
  <datafield tag="505" ind1="0" ind2=" ">
    <subfield code="a">Consideraciones sobre algunos delitos relacionados con la navegaci&#xF3;n a&#xE9;rea militar castigados por el c&#xF3;digo penal militar espa&#xF1;ol. Las alianzas estrat&#xE9;gicas entre l&#xED;neas a&#xE9;reas: origen, elementos y aspectos contractuales. Transporte a&#xE9;reo de pasajeros, retraso, responsabilidad y da&#xF1;os. La tercera generaci&#xF3;n del derecho espacial: el transporte espacial a&#xE9;reo. El futuro Instituto de Aeron&#xE1;utica civil del Per&#xFA;. Homenaje a Ernesto V&#xE1;squez Rocha. Aplicaci&#xF3;n de las normas de competencia en el sector a&#xE9;reo, el caso de Colombia. Pol&#xED;tica aeron&#xE1;utica. El derecho de la competencia en el mercado de transporte a&#xE9;reo. Hac&#xED;a un acuerdo universal de cielos abiertos? El contrato de concesi&#xF3;n y la infraestructura aeron&#xE1;utica en Colombia. El convenio de cielos abiertos entre los Estados Unidos y la Uni&#xF3;n Europea desde la visi&#xF3;n latinoamericana</subfield>
  </datafield>
  <datafield tag="999" ind1=" " ind2=" ">
    <subfield code="c">31022</subfield>
    <subfield code="d">17406</subfield>
  </datafield>
  <datafield tag="952" ind1=" " ind2=" ">
    <subfield code="0">0</subfield>
    <subfield code="1">0</subfield>
    <subfield code="2">ddc</subfield>
    <subfield code="4">0</subfield>
    <subfield code="7">0</subfield>
    <subfield code="8">NFIC</subfield>
    <subfield code="a">CPL</subfield>
    <subfield code="b">CPL</subfield>
    <subfield code="c">CART</subfield>
    <subfield code="d">2024-11-25</subfield>
    <subfield code="e">Donaci&#xF3;n</subfield>
    <subfield code="l">0</subfield>
    <subfield code="o">343.097  L41 </subfield>
    <subfield code="p">201812689</subfield>
    <subfield code="r">2025-06-20 12:26:21</subfield>
    <subfield code="t">Ej.1</subfield>
    <subfield code="w">2025-06-20</subfield>
    <subfield code="y">BK</subfield>
  </datafield>
</record>
